Automating Library procedures ; a survivor's handbook (Record no. 270022)
[ view plain ]
| 000 -LEADER | |
|---|---|
| fixed length control field | 00471 a2200145 4500 |
| 001 - CONTROL NUMBER | |
| control field | 34949 |
| 082 ## - DEWEY DECIMAL CLASSIFICATION NUMBER | |
| Classification number | 025.002854LOV |
| 090 ## - LOCALLY ASSIGNED LC-TYPE CALL NUMBER (OCLC); LOCAL CALL NUMBER (RLIN) | |
| -- | 23111 |
| -- | 23111 |
| 100 ## - MAIN ENTRY--PERSONAL NAME | |
| Personal name | Lovecy, Ian |
| 245 ## - TITLE STATEMENT | |
| Title | Automating Library procedures ; a survivor's handbook |
| 260 ## - PUBLICATION, DISTRIBUTION, ETC. | |
| Place of publication, distribution, etc. | London |
| Name of publisher, distributor, etc. | Lib Association |
| Date of publication, distribution, etc. | 1984 |
| 300 ## - PHYSICAL DESCRIPTION | |
| Extent | ix, 247p |
| 650 ## - SUBJECT ADDED ENTRY--TOPICAL TERM | |
| Topical term or geographic name entry element | library integrated systems |
| Location of event | computers - lib administration |
| General subdivision | selection systems |
| 740 ## - ADDED ENTRY--UNCONTROLLED RELATED/ANALYTICAL TITLE | |
| Uncontrolled related/analytical title | libraries- automation |
| Medium | libraries- administration |
| 942 ## - ADDED ENTRY ELEMENTS (KOHA) | |
| Institution code [OBSOLETE] | NUST-CAE |
| Call number prefix | 025.002854LOV |
| Withdrawn status | Lost status | Damaged status | Not for loan | Collection code | Permanent Location | Current Location | Date acquired | Total Checkouts | Full call number | Barcode | Date last seen | Price effective from | Koha item type |
|---|---|---|---|---|---|---|---|---|---|---|---|---|---|
| College of Aeronautical Engineering (CAE) | College of Aeronautical Engineering (CAE) | 04/03/2017 | 025.002854LOV | CAE57091 | 04/05/2017 | 04/05/2017 | Book |
